Top 5 European Leagues Top Clean Sheets: 2022/23 - Statistics

General Stats
  • This quiz has been taken 2 times
  • The average score is 11 of 27
Answer Stats
League Clean Sheets Club Nationality Player % Correct
Premier League 14 Liverpool Brazil Alisson
100%
Premier League 17 Manchester United Spain David de Gea
100%
Premier League 13 Aston Villa Argentina Emiliano Martinez
100%
Bundesliga 11 Borussia Dortmund Switzerland Gregor Kobel
100%
La Liga 12 Atletico Madrid Slovenia Jan Oblak
100%
La Liga 26 Barcelona Germany Marc-Andre ter Stegen
100%
Premier League 14 Arsenal England Aaron Ramsdale
50%
Bundesliga 11 Union Berlin Denmark Frederik Ronnow
50%
Ligue 1 13 PSG Italy Gianluigi Donnarumma
50%
Ligue 1 11 Nice Denmark Kasper Schmeichel
50%
Bundesliga 12 Wolfsburg Belgium Koen Casteels
50%
Bundesliga 9 Bayer Leverkusen Finland Lukas Hradecky
50%
Bundesliga 13 Freiburg Netherlands Mark Flekken
50%
Premier League 14 Newcastle England Nick Pope
50%
Serie A 11 Torino Serbia Vanja Milinkovic-Savic
50%
Serie A 15 Juventus Poland Wojciech Szczesny
50%
Ligue 1 11 Nantes Ivory Coast Alban Lafont
0%
Serie A 16 Napoli Italy Alex Meret
0%
La Liga 15 Real Sociedad Spain Alex Remiro
0%
Ligue 1 15 Lens France Brice Samba
0%
La Liga 12 Cadiz Argentina Conan Ledesma
0%
La Liga 13 Getafe Spain David Soria
0%
Serie A 21 Lazio Italy Ivan Provedel
0%
La Liga 12 Mallorca Serbia Predrag Rajkovic
0%
Serie A 13 Roma Portugal Rui Patricio
0%
Ligue 1 14 Rennes France Steve Mandanda
0%
Ligue 1 14 Reims Senegal Yehvan Diouf
0%
No matching quizzes found
Score Distribution
Percent of People with Each Score
Percentile by Number Answered
Your Score History
You have not taken this quiz